| 000 | 00761nam a22002417a 4500 | ||
|---|---|---|---|
| 942 | _cBK | ||
| 999 |
_c645 _d645 |
||
| 005 | 20250420134820.0 | ||
| 008 | 200816b ||||| |||| 00| 0 eng d | ||
| 020 | _a9789400749320 | ||
| 040 | _cKCST | ||
| 082 |
_a006.3 _bAg |
||
| 100 |
_aDam, Koen H. van [editor] _d1978- _95167 |
||
| 245 |
_aAgent-based modelling of socio-technical systems / _cKoen H van Dam; Igor Nikolic; Zofia Lukszo |
||
| 260 |
_aDordrecht ; New York : _bSpringer, _c2013. |
||
| 300 | _a267 p. | ||
| 440 |
_a Agent-based social systems, _nv. 9. _95168 |
||
| 650 |
_aStatistics. _94976 |
||
| 650 |
_aComputer simulation. _9181 |
||
| 650 |
_aMultiagent systems. _95169 |
||
| 700 |
_aNikolic, Igor _eeditor _95170 |
||
| 700 |
_aLukszo, Zofia _eeditor _95171 |
||
| 942 | _2ddc | ||